Responses for Show #2465 - Friday, April 28, 1995

Contestants

[<< previous game]

Ken McKenzie, an engineer originally from Marietta, Georgia

Doug Levy, a claims adjuster originally from Napa, California

Larry Eilenberg, a professor from Burlingame, California (whose 1-day cash winnings total $8,599)

[next game >>]

Jeopardy! Round responses

PEOPLE IN HISTORY
POP MUSIC
PATRON SAINTS
U.S. GEOGRAPHY
HEALTH & MEDICINE
ANAGRAMS
    $100 1
Henry VIII

Larry
    $100 6
The Comets

Doug
    $100 21
a cook

Larry
    $100 26
the Snake

Larry
    $100 16
the nose

Larry
    $100 11
a lion (from Loni)

Larry
    $200 2
(Larry: Who is Tamberlane?)

Genghis Khan

LarryDoug
    $200 7
Gladys Knight

Ken
    $200 22
barbers

Ken
    $200 27
Chesapeake Bay

Larry
    $200 17
laryngitis

Doug
    $200 12
a pit (from tip)

Ken
    $300 3
Sam Houston

Doug
    $300 8
James Taylor

Ken
    $300 23
miners

Larry
    $300 28
Washington

Triple Stumper
    $300 18
acquired immune deficiency syndrome

Doug
    $300 13
Diana (from Nadia)

Larry
    $400 4
(Ken: Who's Lafitte?)
(Alex: Pardon?)
(Ken: Who's Lafitte?)

Blackbeard (Edward Teach)

DougKen
    $400 9
Neil Sedaka

Ken
    $400 24
(Larry: What are sailors?)
(Alex: Be more specific?)
(Larry: Uh...)

yachtsmen

LarryKen
    $400 29
Wyoming

Ken
    $400 19
communicable (contagious)

Doug
    $400 14
sage (from ages)

Doug
    $500 5
Churchill, Roosevelt & Stalin

Ken
    $500 10
Harry Chapin

Doug
    $500 25
hunters

Larry
    $1,500 30
the Shenandoah

Ken
    $500 20
the chromosomes

Ken
    $500 15
Nora (from Rona)

Larry

Scores at the first commercial break (after clue 15):

Larry Doug Ken
$800 $1,900 $1,200

Scores at the end of the Jeopardy! Round:

Larry Doug Ken
$1,700 $2,800 $4,200

Double Jeopardy! Round responses

VICE PRESIDENTS
FOOD
ISLAND COUNTRIES
SCIENTISTS
AGREEMENTS
FICTIONAL CHARACTERS
    $200 16
Dan Quayle

Doug
    $200 7
salt

Larry
    $200 26
the Mediterranean

Larry
    $200 18
(Louis) Pasteur

Ken
    $200 6
a treaty

Larry
    $200 1
Portnoy

Doug
    $400 17
Aaron Burr

Larry
    $400 8
China

Larry
    $400 27
the Philippines

Ken
    $400 19
Luther Burbank

Doug
    $400 12
a pact

Ken
    $400 2
Injun Joe

Doug
    $1,000 20
Spiro Agnew

Doug
    $600 9
Waldorf

Larry
    $600 28
Madagascar

Doug
    $600 23
the Smithsonian

Doug
    $600 13
a betrothal

Doug
    $600 3
Studs

Larry
    $800 21
(Doug: Who is Austin?)

George Dallas

Doug
Triple Stumper
    $800 10
pudding

Triple Stumper
    $800 29
the Maldive Islands (the Maldives)

Doug
    $1,200 24
(Gerardus) Mercator

Doug
    $800 14
a covenant

Ken
    $800 4
the Maltese Falcon

Doug
    $1000 22
Hannibal Hamlin

Doug
    $1000 11
coral

Triple Stumper
    $1000 30
Jamaica

Triple Stumper
    $1000 25
(Ken: Tycho Braun?)
(Alex: Pardon?)
(Ken: Tycho Braun?)
[Doug said the last name to sound like "Bray".]

Tycho Brahe

DougKen
    $1000 15
a concordat

Triple Stumper
    $1000 5
Willie Stark

Triple Stumper

Scores at the end of the Double Jeopardy! Round:

Larry Doug Ken
$4,300 $10,800 $5,000
(lock game)

[wagering suggestions for these scores]

Final Jeopardy! Round responses

OSCAR-WINNING FILMS
LarryWhat is Gandhi?
$800
KenWhat is Ghandi?
$3,000
DougWhat is Ghandi?
$799
Gandhi

Final scores:

Larry Doug Ken
$5,100 $11,599 $8,000
3rd place: U-Line ice maker-refrigerator + Jeopardy! Sports Edition for home computer or Super Nintendo Entertainment System New champion: $11,599 2nd place: trip to Palm Springs & stay at Oasis Water Resort Villa Hotel + Magnavox compact VHS camcorder Jeopardy! Sports Edition for home computer or Super Nintendo Entertainment System

Game dynamics:

Coryat scores:

Larry Doug Ken
$4,300 $10,000 $4,000
17 R,
2 W
22 R
(including 2 DDs),
1 W
14 R
(including 1 DD),
2 W

Combined Coryat: $18,300

[game clues] [game scores] [suggest correction]

Game tape date: 1995-01-11
The J! Archive is created by fans, for fans. Scraping, republication, monetization, and malicious use prohibited; this site may use cookies and collect identifying information. See terms. The Jeopardy! game show and all elements thereof, including but not limited to copyright and trademark thereto, are the property of Jeopardy Productions, Inc. and are protected under law. This website is not affiliated with, sponsored by, or operated by Jeopardy Productions, Inc. Join the discussion at JBoard.tv.